|
|
|
|
| LEADER |
00000nam0a2200000 4500 |
| 001 |
25625 |
| 005 |
20231030201034.0 |
| 010 |
|
|
|a 5900241629
|
| 035 |
|
|
|a (RuTPU)RU\TPU\book\25862
|
| 035 |
|
|
|a BOOK00025937
|
| 090 |
|
|
|a 25625
|
| 100 |
|
|
|a 20011209d2000 k y0rusy50 ca
|
| 101 |
1 |
|
|a rus
|c eng
|
| 102 |
|
|
|a RU
|
| 105 |
|
|
|a y z 001zd
|
| 200 |
1 |
|
|a Серебряный век как умысел и вымысел
|e пер. с англ. автора
|f О. Ронен
|g авт. предисл. В. В. Иванов
|
| 210 |
|
|
|a Москва
|c ОГИ
|d 2000
|
| 215 |
|
|
|a 151 с.
|
| 225 |
1 |
|
|a Материалы и исследования по истории русской культуры
|v Вып. 4
|
| 320 |
|
|
|a Библиогр.: с. 134-144.
|
| 320 |
|
|
|a Указ. имен: с.145-151.
|
| 330 |
|
|
|a В историко-культурном исследовании автор рассматривает термин "серебряный век", привившийся за последние полвека среди критиков и знатоков русской культуры 20 века. Устанавливает источники и причины роста популярности этого термина, представляющего собой едва ли не самую влиятельную терминологическую ошибку в истории русской культуры и литературной критики истекающего столетия.
|
| 600 |
|
1 |
|a Ахматова
|g Анна Андреевна
|b А. А.
|c русская поэтесса
|f 1889-1966
|c настоящая фамилия Горенко
|2 stltpush
|3 (RuTPU)RU\TPU\pers\1050
|
| 600 |
|
1 |
|a Цветаева
|g Марина Ивановна
|b М. И.
|f 1892-1941
|c русская поэтесса
|2 stltpush
|3 (RuTPU)RU\TPU\pers\130
|
| 600 |
|
1 |
|a Мандельштам
|g Осип Эмильевич
|b О. Э.
|c российский поэт
|f 1891-1938
|2 stltpush
|3 (RuTPU)RU\TPU\pers\1047
|
| 600 |
|
1 |
|a Гумилев
|g Николай Степанович
|f 1886-1921
|c русский поэт
|b Н. С.
|2 stltpush
|3 (RuTPU)RU\TPU\pers\1218
|
| 600 |
|
1 |
|a Пяст
|b В.
|c российский писатель
|c поэт
|f 1886-1940
|g Владимир
|c журналист
|c переводчик
|c Пестовский Владимир Алексеевич - настоящее имя
|2 stltpush
|3 (RuTPU)RU\TPU\pers\10687
|
| 610 |
1 |
|
|a культура
|
| 610 |
1 |
|
|a история
|
| 610 |
1 |
|
|a Россия
|
| 610 |
1 |
|
|a 19 век
|
| 610 |
1 |
|
|a серебряный век
|
| 610 |
1 |
|
|a русская литература
|
| 610 |
1 |
|
|a поэзия
|
| 686 |
|
|
|a Ч113(2)
|v LBC/SL-A
|2 rubbk
|
| 700 |
|
1 |
|a Ронен
|b О.
|g Омри
|
| 702 |
|
1 |
|a Иванов
|b В. В.
|4 080
|
| 801 |
|
0 |
|a RU
|b 63413507
|c 20011209
|g PSBO
|
| 801 |
|
2 |
|a RU
|b 63413507
|c 20130114
|g PSBO
|
| 942 |
|
|
|c BK
|